[Event "SVK-chT3B2 1920"]
[Site "Slovakia"]
[Date "2020.02.02"]
[Round "7.2"]
[White "Bielik, Peter"]
[Black "Halak, Matej"]
[Result "1-0"]
[WhiteElo "1847"]
[BlackElo "2009"]
[PlyCount "63"]
[EventDate "2019.10.06"]
[EventType "team-tourn"]
[EventRounds "11"]
[EventCountry "SVK"]
[SourceTitle "CBM 195 Extra"]
[Source "ChessBase"]
[SourceDate "2020.05.31"]
[SourceVersion "1"]
[SourceVersionDate "2020.05.31"]
[SourceQuality "1"]
[WhiteTeam "Povazske Podhradie"]
[BlackTeam "Trencin II"]
[WhiteTeamCountry "SVK"]
[BlackTeamCountry "SVK"]

1. d4 Nf6 2. c4 c5 3. d5 b5 4. Nf3 Bb7 5. e3 g6 6. Bd3 Bg7 7. 0-0 0-0 8. Nc3 bxc4 9. Bxc4 d6 10. Rb1 Nbd7 11. e4 a5 12. Qc2 Nb6 13. Bd3 Qc7 14. Nb5 Qd7 15. a4 Rfc8 16. b3 e6 17. dxe6 fxe6 18. Bb2 d5 19. Ne5 Qd8 20. Rbd1 Qf8 21. f3 dxe4 22. fxe4 c4 23. bxc4 Rd8 24. Ba3 Qe8 25. c5 Rac8 26. Qb3 Na8 27. Nd6 Rxd6 28. cxd6 Rb8 29. Bb5 Ba6 30. d7 Nxd7 31. Nxd7 Bxb5 32. axb5 1-0

[Event "SVK-chT2B 1617"]
[Site "Slovakia"]
[Date "2016.12.03"]
[Round "5.4"]
[White "Hutyra, Roman"]
[Black "Bielik, Peter"]
[Result "1-0"]
[WhiteElo "1934"]
[BlackElo "1840"]
[PlyCount "95"]
[EventDate "2016.10.08"]
[EventType "team-tourn"]
[EventRounds "11"]
[EventCountry "SVK"]
[SourceTitle "EXT 2018"]
[Source "ChessBase"]
[SourceDate "2017.10.13"]
[SourceVersion "1"]
[SourceVersionDate "2017.10.13"]
[SourceQuality "1"]
[WhiteTeam "Povazska Bystrica II"]
[BlackTeam "Povazske Podhradie"]
[WhiteTeamCountry "SVK"]
[BlackTeamCountry "SVK"]

1. b3 d5 2. Bb2 c5 3. e3 Nc6 4. Bb5 Bd7 5. Nf3 Nf6 6. 0-0 e6 7. d3 Be7 8. Nbd2 0-0 9. Bxc6 Bxc6 10. Ne5 Nd7 11. f4 f6 12. Nxd7 Qxd7 13. Qg4 Rf7 14. Nf3 Re8 15. Qh5 Bd6 16. Rad1 g6 17. Qh4 e5 18. fxe5 Bxe5 19. Bxe5 fxe5 20. Ng5 Rxf1+ 21. Rxf1 Re7 22. Qh6 Rg7 23. Rf6 Qe7 24. Re6 Qc7 25. h4 Bd7 26. Rf6 Qd8 27. Rd6 Qe7 28. Rxd5 Bc6 29. Rxc5 Qxc5 30. Qxg7+ Kxg7 31. Ne6+ Kf7 32. Nxc5 Kf6 33. Kf2 Kf5 34. Kg3 b6 35. e4+ Kf6 36. Na4 h5 37. Nc3 Ke6 38. Nd1 Kd6 39. Nf2 Kc5 40. c3 a5 41. Kf3 Bd7 42. Ke3 b5 43. d4+ exd4+ 44. cxd4+ Kb4 45. Nd3+ Ka3 46. Nc5 Bg4 47. d5 Kxa2 48. d6 1-0

[Event "SVK-chT3B2 1213"]
[Site "Slovakia"]
[Date "2012.10.28"]
[Round "1.3"]
[White "Bielik, Peter"]
[Black "Gombar, Peter"]
[Result "1/2-1/2"]
[WhiteElo "1919"]
[BlackElo "1983"]
[PlyCount "43"]
[EventDate "2012.10.28"]
[EventType "team-tourn"]
[EventRounds "14"]
[EventCountry "SVK"]
[SourceTitle "EXT 2022"]
[Source "ChessBase"]
[SourceDate "2021.10.06"]
[SourceVersion "1"]
[SourceVersionDate "2021.10.06"]
[SourceQuality "1"]
[WhiteTeam "Podhradie Povazske"]
[BlackTeam "Povazska Bystrica III"]
[WhiteTeamCountry "SVK"]
[BlackTeamCountry "SVK"]

1. d4 d5 2. c4 e6 3. Nf3 Nf6 4. Bg5 Nbd7 5. Nc3 Bb4 6. a3 Bxc3+ 7. bxc3 c6 8. e3 Qa5 9. Qb3 Ne4 10. Qb4 Qxb4 11. cxb4 Nxg5 12. Nxg5 0-0 13. Bd3 h6 14. Nf3 Re8 15. Rd1 e5 16. dxe5 Nxe5 17. Nxe5 Rxe5 18. cxd5 Rxd5 19. Ke2 Be6 20. Be4 Rdd8 21. Rxd8+ Rxd8 22. Rd1 1/2-1/2